000 00919nam a2200241 a 4500
001 000020020
005 20200929170231.0
008 100712s1962 ve r 000 p spa d
040 _aDO-SdBNP
_bspa
_cBNPHU
082 _aV861.44
_bR638p
100 1 _aRojas Guardia, Pablo,
_d1909-1978
_920730
245 1 0 _aPoesías /
_cPablo Rojas Guardia ; prólogo Fernando Paz Castillo.
260 _aCaracas :
_bEdiciones del Ministerio de Educación :
_bDirección de Cultura y Bellas Artes,
_c1962.
300 _a148 p. ;
_c18 cm.
490 1 _aBiblioteca popular venezolana ;
_v84
500 _aIncluye referencia biográfica del autor en la solapa.
600 0 4 _aROJAS GUARDIA, PABLO,
_y1909-1978
_xPOESÍA
_942610
650 4 _aPoesía venezolana
_94230
650 4 _aLiteratura venezolana
_93816
700 1 _aPaz Castillo, Fernando,
_epról.
_920683
830 0 _aBiblioteca popular venezolana ;
_v84
_94512
049 _aBNGR
999 _c19532
_d19532